عرض عادي
عرض مارك
- حماية المستهلك
مدخل مصطلح موضوعي
001 - رقم الضبط
- حقل الضبط: 14209
003 - معرف رقم الضبط
- حقل الضبط: OSt
005 - تاريخ ووقت أخر عملية
- حقل الضبط: 20120517191521.0
008 - عناصر بيانات ثابتة الطول
- حقل تحكم ثابت الطول: 120517|||a|||||| | ||| d
040 ## - مصدر الفهرسة
- هيئة الفهرسة الأصلية: OSt
- وكالة الكتابة: OSt
150 ## - مدخل-- مصطلح تاريخي
- عنصر مدخل المصطلح الموضوعي او الاسم الجغرافي: حماية المستهلك
670 ## - بيانات المصدر موجوده
- الاستشهاد بالمصدر: Work cat.: (OSt): الأخرس، إبراهيم 14208, حماية المستهلك بين مقاصد الشريعة والفكر الاقتصادي الووضعي /, 2012
